Zwanzig Jahre später (Record no. 6377)

MARC details
000 -CABECERA
campo de control de longitud fija 00554nam a2200193 a 4500
001 - NÚMERO DE CONTROL
campo de control BRCA_6694
005 - FECHA Y HORA DE LA ÚLTIMA TRANSACCIÓN
campo de control 20190320205545.0
008 - DATOS DE LONGITUD FIJA--INFORMACIÓN GENERAL
campo de control de longitud fija 171011s1912----gw-#######---#000-0#ger-#
041 ## - CÓDIGO DE LENGUA
Código de lengua del texto/banda sonora o título independiente ger
044 ## - CÓDIGO DEL PAÍS DE LA ENTIDAD EDITORA/PRODUCTORA
Código MARC del país gw
050 #4 - SIGNATURA TOPOGRÁFICA DE LA BIBLIOTECA DEL CONGRESO
Número de clasificación BX6955
Número de documento/Ítem .T93
100 1# - ENTRADA PRINCIPAL--NOMBRE DE PERSONA
Nombre de persona Dumas, Alejandro
Fechas asociadas al nombre 1802-1870
Forma completa/desarrollada del nombre Dumas, Alexandre
9 (RLIN) 14449
245 10 - MENCIÓN DE TÍTULO
Título Zwanzig Jahre später
Resto del título fortsetzung von die drei Musketiere
Mención de responsabilidad, etc. von Alexander Dumas; deutsch von H. Conrad.
260 ## - PUBLICACIÓN, DISTRIBUCIÓN, ETC.
Lugar de publicación, distribución, etc. Leipzig
Nombre del editor, distribuidor, etc. Philipp Reclam
Fecha de publicación, distribución, etc. [1912]
300 ## - DESCRIPCIÓN FÍSICA
Extensión 2 v.
Dimensiones 14 cm.
500 ## - NOTA GENERAL
Nota general L31
902 ## - CATALOGADOR
Iniciales GFM
942 ## - ELEMENTOS DE PUNTO DE ACCESO ADICIONAL (KOHA)
Fuente del sistema de clasificación o colocación Library of Congress Classification
Tipo de ítem Koha Libros
Holdings
Estado de retiro Estado de pérdida Estado dañado No para préstamo Localización permanente Ubicación/localización actual Fecha de adquisición Número de inventario Total de préstamos Signatura topográfica completa Código de barras Fecha visto por última vez Precio válido a partir de Tipo de ítem Koha
El ejemplar forma parte de la colección y puede ser consultado según las políticas vigentes.       Biblioteca del Museo Franz Mayer (Rogerio Casas-Alatriste) Biblioteca del Museo Franz Mayer (Rogerio Casas-Alatriste) 17/10/2011 L31   BX6955 .T93 (L31) 7141 22/03/2019 22/03/2019 Libros